[Event "Istanbul ol (Women)"]
[Site "Istanbul"]
[Date "2000.10.29"]
[Round "2.1"]
[White "Vovk, Oksana"]
[Black "Sanli, Emine"]
[Result "1-0"]
[WhiteElo "2093"]
[BlackElo "2007"]
[PlyCount "73"]
[EventDate "2000.10.28"]
[EventType "team-swiss"]
[EventRounds "14"]
[EventCountry "TUR"]
[SourceTitle "EXT 2001"]
[Source "ChessBase"]
[SourceDate "2000.11.22"]
[SourceVersion "1"]
[SourceVersionDate "2000.11.22"]
[SourceQuality "1"]
[WhiteTeam "Danmark"]
[BlackTeam "Tyrkiet II"]
[WhiteTeamCountry "DEN"]
[BlackTeamCountry "TUR"]

1. d4 d5 2. c4 e6 3. Nc3 Nf6 4. Bg5 Be7 5. cxd5 exd5 6. e3 h6 7. Bh4 O-O 8. Nf3
c6 9. Bd3 Re8 10. O-O Ne4 11. Bxe7 Qxe7 12. Qc2 Nd7 13. Rab1 a5 14. a3 Nxc3 15.
Qxc3 c5 16. Rbd1 c4 17. Bb1 b5 18. Nd2 Nf6 19. Rfe1 Bb7 20. f3 b4 21. axb4 axb4
22. Qc2 Qd7 23. e4 dxe4 24. Nxe4 Nxe4 25. fxe4 Rac8 26. e5 g6 27. Re3 Bd5 28.
Rh3 Kg7 29. Qd2 Rh8 30. Rg3 Qc6 31. Qxb4 Rb8 32. Qd2 Qb6 33. Qf2 Rhe8 34. h4
Qxb2 35. Qf6+ Kg8 36. Bxg6 Rb6 37. Bxf7+ 1-0

[Event "Istanbul ol (Women)"]
[Site "Istanbul"]
[Date "2000.10.30"]
[Round "3.1"]
[White "Socko, Monika"]
[Black "Vovk, Oksana"]
[Result "1/2-1/2"]
[WhiteElo "2403"]
[BlackElo "2093"]
[PlyCount "178"]
[EventDate "2000.10.28"]
[EventType "team-swiss"]
[EventRounds "14"]
[EventCountry "TUR"]
[SourceTitle "EXT 2001"]
[Source "ChessBase"]
[SourceDate "2000.11.22"]
[SourceVersion "1"]
[SourceVersionDate "2000.11.22"]
[SourceQuality "1"]
[WhiteTeam "Polen"]
[BlackTeam "Danmark"]
[WhiteTeamCountry "POL"]
[BlackTeamCountry "DEN"]

1. Nf3 Nf6 2. g3 d5 3. Bg2 Bf5 4. d3 Nbd7 5. Nh4 Bg6 6. Nxg6 hxg6 7. O-O e6 8.
c4 c6 9. cxd5 cxd5 10. Nc3 Rc8 11. d4 Bb4 12. Qa4 Qa5 13. Qxa5 Bxa5 14. Nb5 Rc2
15. b3 Bb4 16. e3 a6 17. Na3 Rc8 18. Bb2 Nb6 19. Rac1 Kd7 20. Rxc8 Rxc8 21. Rc1
Ne4 22. Rxc8 Kxc8 23. Nb1 Kd7 24. f3 Nf6 25. Kf1 Nc8 26. Ke2 Nd6 27. Nc3 Kc6
28. Nd1 Nb5 29. e4 Ba3 30. Ba1 Bb4 31. Kd3 Nc7 32. Ne3 Kb5 33. Bb2 Kc6 34. Bc1
b6 35. Nc2 Be7 36. h3 Nh5 37. g4 Nf6 38. Bd2 Kd7 39. e5 Nh7 40. f4 Nf8 41. Bf1
Kc6 42. Ke3 Nd7 43. Bd3 Nb8 44. Be1 Kd7 45. h4 Nc6 46. Kf3 Ke8 47. Kg3 Kf8 48.
Bc3 Ke8 49. Bd2 Kd8 50. a3 Ke8 51. Bc3 Kd8 52. b4 Ke8 53. h5 gxh5 54. gxh5 f5
55. Bb2 Kd7 56. Ne3 Nb5 57. Nc2 Nc7 58. Kf3 Ke8 59. Ke3 Bh4 60. Be2 Kd7 61. Bc3
Nb5 62. Bd2 Ke8 63. Bf1 Kd7 64. Bh3 Ke8 65. a4 Nc7 66. Kd3 Kd7 67. Kc3 Be7 68.
Kb3 Bh4 69. Bf1 Bf2 70. Kc3 Bh4 71. Bd3 Be7 72. Kb3 Na7 73. Be1 Kd8 74. Ne3 Nc6
75. Bc3 Bh4 76. Bxf5 Bf2 77. Ng4 Bxd4 78. Bd3 Bxc3 79. Kxc3 d4+ 80. Kc4 Nd5 81.
f5 exf5 82. Kxd5 fxg4 83. Bf1 g3 84. Ke4 Nxe5 85. Kxd4 Nf3+ 86. Ke3 Ne1 87.
Bxa6 Nc2+ 88. Kf3 Nxb4 89. Bb5 Nd5 1/2-1/2

[Event "Istanbul ol (Women)"]
[Site "Istanbul"]
[Date "2000.10.30"]
[Round "3.3"]
[White "Dworakowska, Joanna"]
[Black "Jensen, Christine"]
[Result "1-0"]
[WhiteElo "2371"]
[BlackElo "2030"]
[PlyCount "71"]
[EventDate "2000.10.28"]
[EventType "team-swiss"]
[EventRounds "14"]
[EventCountry "TUR"]
[SourceTitle "EXT 2001"]
[Source "ChessBase"]
[SourceDate "2000.11.22"]
[SourceVersion "1"]
[SourceVersionDate "2000.11.22"]
[SourceQuality "1"]
[WhiteTeam "Polen"]
[BlackTeam "Danmark"]
[WhiteTeamCountry "POL"]
[BlackTeamCountry "DEN"]

1. e4 c5 2. Nf3 e6 3. d4 cxd4 4. Nxd4 Nf6 5. Nc3 Nc6 6. Ndb5 Bb4 7. a3 Bxc3+ 8.
Nxc3 d5 9. exd5 exd5 10. Bd3 O-O 11. O-O d4 12. Ne2 Bg4 13. Bg5 h6 14. Bh4 g5
15. Bg3 Re8 16. f3 Bh5 17. Bf2 Qd5 18. Qd2 Rad8 19. Rad1 Kg7 20. Ng3 Bg6 21. b4
b5 22. Bxg6 fxg6 23. Ne2 Qa2 24. Nxd4 Qxa3 25. c3 Nxd4 26. Bxd4 Qb3 27. Ra1 Qf7
28. Qf2 Rd7 29. Rxa7 Rxa7 30. Bxa7 Kh7 31. Bd4 Nd5 32. g3 Re6 33. Qa2 Qd7 34.
Ra1 Nxb4 35. Qa8 Re8 36. Ra7 1-0

[Event "Istanbul ol (Women)"]
[Site "Istanbul"]
[Date "2000.10.31"]
[Round "4.1"]
[White "Ratcu, Tatiana"]
[Black "Vovk, Oksana"]
[Result "1/2-1/2"]
[WhiteElo "2240"]
[BlackElo "2093"]
[PlyCount "60"]
[EventDate "2000.10.28"]
[EventType "team-swiss"]
[EventRounds "14"]
[EventCountry "TUR"]
[SourceTitle "EXT 2001"]
[Source "ChessBase"]
[SourceDate "2000.11.22"]
[SourceVersion "1"]
[SourceVersionDate "2000.11.22"]
[SourceQuality "1"]
[WhiteTeam "Brasilien"]
[BlackTeam "Danmark"]
[WhiteTeamCountry "BRA"]
[BlackTeamCountry "DEN"]

1. e4 e6 2. d4 d5 3. Nd2 c5 4. exd5 exd5 5. Ngf3 Nc6 6. Bb5 Bd6 7. dxc5 Bxc5 8.
O-O Nge7 9. c3 O-O 10. Nb3 Bd6 11. Bg5 Bg4 12. Bh4 Qc7 13. Bg3 Bxg3 14. hxg3
Qb6 15. Be2 Nf5 16. Nfd4 Bxe2 17. Nxe2 Rad8 18. Qd3 g6 19. Rad1 Rfe8 20. Rfe1
Ne5 21. Qc2 Nc4 22. Ned4 Nxd4 23. Rxe8+ Rxe8 24. Rxd4 Re1+ 25. Kh2 g5 26. Qf5
Qh6+ 27. Qh3 Qxh3+ 28. Kxh3 Ne5 29. g4 Ng6 30. g3 Re2 1/2-1/2

[Event "Istanbul ol (Women)"]
[Site "Istanbul"]
[Date "2000.11.05"]
[Round "8.1"]
[White "Hansen, Evgenia Peicheva"]
[Black "Ramon Pita, Vivian"]
[Result "0-1"]
[WhiteElo "2162"]
[BlackElo "2294"]
[PlyCount "100"]
[EventDate "2000.10.28"]
[EventType "team-swiss"]
[EventRounds "14"]
[EventCountry "TUR"]
[SourceTitle "EXT 2001"]
[Source "ChessBase"]
[SourceDate "2000.11.22"]
[SourceVersion "1"]
[SourceVersionDate "2000.11.22"]
[SourceQuality "1"]
[WhiteTeam "Danmark"]
[BlackTeam "Cuba"]
[WhiteTeamCountry "DEN"]
[BlackTeamCountry "CUB"]

1. Nf3 Nf6 2. g3 g6 3. Bg2 d5 4. c4 c6 5. cxd5 cxd5 6. O-O Nc6 7. d4 Bg7 8. Ne5
Nxe5 9. dxe5 Ng4 10. Bxd5 Nxe5 11. Qb3 O-O 12. Rd1 Qb6 13. Qxb6 axb6 14. Nc3
Nc6 15. Be3 b5 16. Nxb5 Bxb2 17. Rab1 Bg7 18. Bc5 Bf5 19. e4 Bg4 20. Rdc1 Rfc8
21. Kg2 Be2 22. Bxc6 Rxc6 23. Na7 Rxc5 24. Rxc5 Rxa7 25. Rc8+ Bf8 26. Rb2 Bg4
27. Rb8 e5 28. R8xb7 Ra4 29. Rc2 Be6 30. Rbb2 Rxe4 31. f3 Ra4 32. g4 Be7 33.
Kg3 Ra3 34. Rc7 Bg5 35. Rcc2 Bf4+ 36. Kg2 Bd5 37. Rf2 Be3 38. Rf1 Bd4 39. Rd2
Bxa2 40. h4 Bd5 41. Rc2 Kg7 42. Rd2 h6 43. Rc2 e4 44. f4 e3+ 45. Kh2 Ra2 46.
Rfc1 e2 47. Rxa2 Bxa2 48. Kg2 Bc3 49. Kf2 Bd2 50. Ra1 Bc4 0-1

[Event "Istanbul ol (Women)"]
[Site "Istanbul"]
[Date "2000.11.05"]
[Round "8.2"]
[White "Delgado Crespo, Mairelys"]
[Black "Steffensen, Elena"]
[Result "1/2-1/2"]
[WhiteElo "2207"]
[BlackElo "2068"]
[PlyCount "115"]
[EventDate "2000.10.28"]
[EventType "team-swiss"]
[EventRounds "14"]
[EventCountry "TUR"]
[SourceTitle "EXT 2001"]
[Source "ChessBase"]
[SourceDate "2000.11.22"]
[SourceVersion "1"]
[SourceVersionDate "2000.11.22"]
[SourceQuality "1"]
[WhiteTeam "Cuba"]
[BlackTeam "Danmark"]
[WhiteTeamCountry "CUB"]
[BlackTeamCountry "DEN"]

1. e4 g6 2. d4 Bg7 3. Nc3 c6 4. Nf3 d5 5. Bd3 dxe4 6. Nxe4 Bf5 7. c3 Bxe4 8.
Bxe4 Nf6 9. Bd3 Nbd7 10. O-O O-O 11. Re1 Re8 12. Bg5 h6 13. Bd2 e6 14. Qc2 Nd5
15. c4 Ne7 16. Bc3 Nf6 17. Rad1 Rc8 18. b3 Nf5 19. Qb2 Nd6 20. Ne5 b5 21. Qa3
Bf8 22. c5 Nf5 23. Qxa7 Re7 24. Qa3 Nd5 25. Ba5 Ra7 26. b4 Nxb4 27. Qxb4 Qxa5
28. Qxa5 Rxa5 29. Bxf5 gxf5 30. Re2 f6 31. Nd3 Kf7 32. Nf4 Re8 33. Rde1 e5 34.
dxe5 fxe5 35. Rxe5 Rxe5 36. Rxe5 Rxa2 37. Rxf5+ Ke8 38. h4 Rc2 39. Nd3 Rc3 40.
Nb4 Bxc5 41. Nxc6 Rc1+ 42. Kh2 Bd6+ 43. g3 Rxc6 44. Rxb5 Kf7 45. Kh3 Bc5 46. f4
Bf2 47. Rb2 Bd4 48. Rd2 Bf6 49. Rd3 h5 50. g4 Rc1 51. gxh5 Rh1+ 52. Kg3 Rxh4
53. Rd5 Kg7 54. Rd7+ Kf8 55. Rd5 Kg7 56. Rd7+ Kf8 57. Rd5 Kg7 58. Rd7+ 1/2-1/2

[Event "Istanbul ol (Women)"]
[Site "Istanbul"]
[Date "2000.11.05"]
[Round "8.3"]
[White "Jensen, Christine"]
[Black "Pina Vega, Sulennis"]
[Result "1/2-1/2"]
[WhiteElo "2030"]
[BlackElo "2312"]
[PlyCount "91"]
[EventDate "2000.10.28"]
[EventType "team-swiss"]
[EventRounds "14"]
[EventCountry "TUR"]
[SourceTitle "EXT 2001"]
[Source "ChessBase"]
[SourceDate "2000.11.22"]
[SourceVersion "1"]
[SourceVersionDate "2000.11.22"]
[SourceQuality "1"]
[WhiteTeam "Danmark"]
[BlackTeam "Cuba"]
[WhiteTeamCountry "DEN"]
[BlackTeamCountry "CUB"]

1. d4 Nf6 2. c4 d6 3. Nc3 Nbd7 4. e4 e5 5. d5 Be7 6. Bd3 O-O 7. Nge2 c6 8. O-O
a6 9. a4 a5 10. Kh1 Nc5 11. Bc2 cxd5 12. cxd5 b6 13. Ng3 Ba6 14. Re1 Ne8 15.
Nce2 Rc8 16. f4 Bf6 17. Nh5 Bh4 18. Rf1 g6 19. Nhg3 Bxg3 20. hxg3 Nf6 21. Ra3
Nfxe4 22. fxe5 dxe5 23. Bh6 Re8 24. Raf3 f5 25. Re3 Qd6 26. g4 Qd8 27. Qe1 f4
28. Rxe4 Nxe4 29. Bxe4 Bxe2 30. Qxe2 Qh4+ 31. Kg1 Qxh6 32. d6 Qg7 33. Qb5 Red8
34. Rd1 Qf6 35. Qxb6 Rb8 36. Qc7 Rxb2 37. Qc4+ Kh8 38. Qc5 Rb4 39. Bc6 Rd4 40.
Rxd4 exd4 41. d7 d3 42. g5 Qg7 43. Qb6 Qe7 44. Qd4+ Qg7 45. Qb6 Qe7 46. Qd4+
1/2-1/2

[Event "Istanbul ol (Women)"]
[Site "Istanbul"]
[Date "2000.11.06"]
[Round "9.1"]
[White "Hansen, Evgenia Peicheva"]
[Black "Burijovich, Liliana"]
[Result "1/2-1/2"]
[WhiteElo "2162"]
[BlackElo "2182"]
[PlyCount "96"]
[EventDate "2000.10.28"]
[EventType "team-swiss"]
[EventRounds "14"]
[EventCountry "TUR"]
[SourceTitle "EXT 2001"]
[Source "ChessBase"]
[SourceDate "2000.11.22"]
[SourceVersion "1"]
[SourceVersionDate "2000.11.22"]
[SourceQuality "1"]
[WhiteTeam "Danmark"]
[BlackTeam "Argentina"]
[WhiteTeamCountry "DEN"]
[BlackTeamCountry "ARG"]

1. c4 Nf6 2. g3 g6 3. Bg2 Bg7 4. Nc3 O-O 5. e3 d6 6. Nge2 e5 7. d3 Nbd7 8. b4
Nh5 9. Rb1 f5 10. f4 exf4 11. exf4 Nhf6 12. O-O c6 13. h3 Kh8 14. b5 Qc7 15.
bxc6 bxc6 16. Be3 Nb6 17. Kh2 Re8 18. Bf2 Bd7 19. Qd2 Rab8 20. Rb3 d5 21. c5
Na8 22. Rfb1 Rxb3 23. Rxb3 Rb8 24. Bd4 Rxb3 25. axb3 Qa5 26. Qe3 Qd8 27. b4 Nc7
28. Be5 Qe7 29. Qd2 Bc8 30. Nd4 Bb7 31. Nf3 Ne6 32. Bd6 Qe8 33. Be5 a5 34. Na4
axb4 35. Qxb4 Ba6 36. Bf1 Bb5 37. Nc3 Ba6 38. Na4 Bb5 39. Nd4 Nxd4 40. Qxd4 Qe7
41. Nc3 Ba6 42. Qa4 Qb7 43. Be2 Qc8 44. Qa1 Ne8 45. Bxg7+ Nxg7 46. Na2 Qe8 47.
Nc1 Bb5 48. Qd4 Kg8 1/2-1/2

[Event "Istanbul ol (Women)"]
[Site "Istanbul"]
[Date "2000.11.06"]
[Round "9.2"]
[White "Hernandez Penna, Sabina"]
[Black "Steffensen, Elena"]
[Result "1/2-1/2"]
[WhiteElo "2141"]
[BlackElo "2068"]
[PlyCount "90"]
[EventDate "2000.10.28"]
[EventType "team-swiss"]
[EventRounds "14"]
[EventCountry "TUR"]
[SourceTitle "EXT 2001"]
[Source "ChessBase"]
[SourceDate "2000.11.22"]
[SourceVersion "1"]
[SourceVersionDate "2000.11.22"]
[SourceQuality "1"]
[WhiteTeam "Argentina"]
[BlackTeam "Danmark"]
[WhiteTeamCountry "ARG"]
[BlackTeamCountry "DEN"]

1. e4 g6 2. d4 Bg7 3. Nc3 c6 4. Be3 d5 5. Nf3 Bg4 6. h3 Bxf3 7. Qxf3 e6 8.
O-O-O a6 9. Bd3 Qa5 10. Kb1 Nd7 11. Rhe1 Ne7 12. Bd2 Qb6 13. exd5 cxd5 14. Ne2
O-O 15. c3 Nc6 16. Nf4 Qa7 17. Qg4 Nf6 18. Qg3 b5 19. h4 b4 20. h5 bxc3 21.
Bxc3 Rab8 22. hxg6 hxg6 23. f3 Nb4 24. Bxg6 fxg6 25. Nxe6 Rfe8 26. Nxg7 Rxe1
27. Rxe1 Kxg7 28. Qd6 Qb6 29. Qe7+ Kg8 30. Re6 Qb5 31. Bxb4 Qd3+ 32. Kc1 Rc8+
33. Bc3 Rxc3+ 34. bxc3 Qxc3+ 35. Kd1 Qxd4+ 36. Ke2 Qc4+ 37. Ke1 Qh4+ 38. Ke2
Qc4+ 39. Kf2 Qh4+ 40. Kg1 Qd4+ 41. Re3 Ne4 42. Qa3 Qa1+ 43. Kh2 Qh8+ 44. Kg1
Qa1+ 45. Kh2 Qh8+ 1/2-1/2

[Event "Istanbul ol (Women)"]
[Site "Istanbul"]
[Date "2000.11.06"]
[Round "9.3"]
[White "Jensen, Christine"]
[Black "Maggiolo, Elisa"]
[Result "1-0"]
[WhiteElo "2030"]
[BlackElo "2115"]
[PlyCount "55"]
[EventDate "2000.10.28"]
[EventType "team-swiss"]
[EventRounds "14"]
[EventCountry "TUR"]
[SourceTitle "EXT 2001"]
[Source "ChessBase"]
[SourceDate "2000.11.22"]
[SourceVersion "1"]
[SourceVersionDate "2000.11.22"]
[SourceQuality "1"]
[WhiteTeam "Danmark"]
[BlackTeam "Argentina"]
[WhiteTeamCountry "DEN"]
[BlackTeamCountry "ARG"]

1. d4 Nf6 2. c4 g6 3. f3 Bg7 4. e4 d6 5. Nc3 O-O 6. Be3 c6 7. Qd2 e5 8. Nge2
Nbd7 9. g4 Qe7 10. O-O-O a6 11. Bh6 Ne8 12. Ng3 Bxh6 13. Qxh6 exd4 14. Rxd4 Qf6
15. Qe3 Ne5 16. Be2 b5 17. g5 Qe7 18. f4 Nxc4 19. Bxc4 bxc4 20. Rxc4 Rb8 21. h4
Be6 22. Rd4 Qb7 23. Rd2 d5 24. f5 Bd7 25. h5 Nd6 26. hxg6 fxg6 27. fxg6 hxg6
28. Qd4 1-0

[Event "Istanbul ol (Women)"]
[Site "Istanbul"]
[Date "2000.11.07"]
[Round "10.1"]
[White "Hund, Barbara"]
[Black "Vovk, Oksana"]
[Result "1-0"]
[WhiteElo "2292"]
[BlackElo "2093"]
[PlyCount "83"]
[EventDate "2000.10.28"]
[EventType "team-swiss"]
[EventRounds "14"]
[EventCountry "TUR"]
[SourceTitle "EXT 2001"]
[Source "ChessBase"]
[SourceDate "2000.11.22"]
[SourceVersion "1"]
[SourceVersionDate "2000.11.22"]
[SourceQuality "1"]
[WhiteTeam "Schweiz"]
[BlackTeam "Danmark"]
[WhiteTeamCountry "SUI"]
[BlackTeamCountry "DEN"]

1. e4 e6 2. d4 d5 3. Nc3 Nf6 4. Bg5 Be7 5. e5 Nfd7 6. Bxe7 Qxe7 7. f4 O-O 8.
Nf3 c5 9. Qd2 Nc6 10. O-O-O f6 11. exf6 Qxf6 12. g3 cxd4 13. Nxd4 Nc5 14. Bg2
Kh8 15. Rhe1 Bd7 16. Qf2 Nxd4 17. Qxd4 Rac8 18. Kb1 a5 19. Qxf6 Rxf6 20. Re5 g6
21. Rde1 Kg7 22. Ne2 Rf5 23. Nd4 Rxe5 24. Rxe5 Kf6 25. h4 h6 26. Nb3 Nxb3 27.
axb3 a4 28. bxa4 Bxa4 29. Rxe6+ Kg7 30. b3 Bc6 31. Rd6 Re8 32. Bxd5 Re1+ 33.
Kb2 Rd1 34. c4 Rg1 35. Bxc6 bxc6 36. Rd3 Kf6 37. b4 Kf5 38. b5 cxb5 39. cxb5
Re1 40. Rb3 Re7 41. b6 Rb7 42. Ka3 1-0

[Event "Istanbul ol (Women)"]
[Site "Istanbul"]
[Date "2000.11.07"]
[Round "10.2"]
[White "Steffensen, Elena"]
[Black "Ramseier, Jana S"]
[Result "1/2-1/2"]
[WhiteElo "2068"]
[BlackElo "2156"]
[PlyCount "46"]
[EventDate "2000.10.28"]
[EventType "team-swiss"]
[EventRounds "14"]
[EventCountry "TUR"]
[SourceTitle "EXT 2001"]
[Source "ChessBase"]
[SourceDate "2000.11.22"]
[SourceVersion "1"]
[SourceVersionDate "2000.11.22"]
[SourceQuality "1"]
[WhiteTeam "Danmark"]
[BlackTeam "Schweiz"]
[WhiteTeamCountry "DEN"]
[BlackTeamCountry "SUI"]

1. e4 g6 2. d4 Bg7 3. Nc3 d6 4. Be3 Nf6 5. f3 c6 6. Qd2 b5 7. Bd3 Nbd7 8. Nge2
a6 9. Nd1 e5 10. dxe5 dxe5 11. O-O O-O 12. Bh6 Re8 13. Bxg7 Kxg7 14. Ng3 Nc5
15. Nf2 Ra7 16. Rad1 Rd7 17. Qg5 Ng8 18. Qe3 Ne6 19. Nh3 Qe7 20. Kh1 Qc5 21.
Qc1 Qe7 22. Qe3 Qc5 23. Qc1 Qe7 1/2-1/2

[Event "Istanbul ol (Women)"]
[Site "Istanbul"]
[Date "2000.11.07"]
[Round "10.3"]
[White "Gruenenwald, Evi"]
[Black "Jensen, Christine"]
[Result "1-0"]
[WhiteElo "2038"]
[BlackElo "2030"]
[PlyCount "69"]
[EventDate "2000.10.28"]
[EventType "team-swiss"]
[EventRounds "14"]
[EventCountry "TUR"]
[SourceTitle "EXT 2001"]
[Source "ChessBase"]
[SourceDate "2000.11.22"]
[SourceVersion "1"]
[SourceVersionDate "2000.11.22"]
[SourceQuality "1"]
[WhiteTeam "Schweiz"]
[BlackTeam "Danmark"]
[WhiteTeamCountry "SUI"]
[BlackTeamCountry "DEN"]

1. d4 c5 2. d5 e5 3. c4 d6 4. Nc3 Nf6 5. e4 Be7 6. Nge2 O-O 7. Ng3 Ne8 8. h4 a6
9. a4 b6 10. Be3 Nd7 11. Nf5 Kh8 12. g4 g6 13. Nxe7 Qxe7 14. Be2 Ng7 15. Bh6
Rg8 16. g5 Ne8 17. h5 Rb8 18. Qd3 Rb7 19. Bg4 Nc7 20. Qf3 b5 21. hxg6 fxg6 22.
axb5 axb5 23. Nxb5 Nxb5 24. cxb5 Rd8 25. Be6 Nb6 26. Qf6+ Qxf6 27. gxf6 Rdd7
28. Bxd7 Rxd7 29. Ra3 Kg8 30. Bg5 h5 31. O-O Rb7 32. Rfa1 Bd7 33. Ra7 Rb8 34.
b3 Be8 35. Rg7+ 1-0

[Event "Istanbul ol (Women)"]
[Site "Istanbul"]
[Date "2000.11.08"]
[Round "11.1"]
[White "Mahini, Mona"]
[Black "Vovk, Oksana"]
[Result "0-1"]
[WhiteElo "2018"]
[BlackElo "2093"]
[PlyCount "70"]
[EventDate "2000.10.28"]
[EventType "team-swiss"]
[EventRounds "14"]
[EventCountry "TUR"]
[SourceTitle "EXT 2001"]
[Source "ChessBase"]
[SourceDate "2000.11.22"]
[SourceVersion "1"]
[SourceVersionDate "2000.11.22"]
[SourceQuality "1"]
[WhiteTeam "Iran"]
[BlackTeam "Danmark"]
[WhiteTeamCountry "IRI"]
[BlackTeamCountry "DEN"]

1. e4 c5 2. Nf3 Nc6 3. d4 cxd4 4. Nxd4 Nf6 5. Nc3 e5 6. Ndb5 d6 7. Bg5 a6 8.
Na3 b5 9. Nd5 Be7 10. Bxf6 Bxf6 11. c3 Bg5 12. Nc2 O-O 13. Be2 Kh8 14. Bg4 Be6
15. Nce3 g6 16. O-O f5 17. Bh3 Ra7 18. Qc2 Qc8 19. Nb6 Qb7 20. Ned5 Bd8 21.
exf5 gxf5 22. Ne3 Bxb6 23. Bxf5 Bxf5 24. Nxf5 Qd7 25. Ng3 Qe6 26. Rad1 d5 27.
Kh1 Raf7 28. f3 Rg7 29. Ne2 Ne7 30. Rfe1 Nf5 31. Nd4 Nxd4 32. cxd4 Rc7 33. Qb3
Bxd4 34. g3 Rc4 35. f4 Qd6 0-1

[Event "Istanbul ol (Women)"]
[Site "Istanbul"]
[Date "2000.11.09"]
[Round "12.1"]
[White "Vovk, Oksana"]
[Black "Sanchez Castillo, Sarai Carolina"]
[Result "0-1"]
[WhiteElo "2093"]
[BlackElo "2093"]
[PlyCount "72"]
[EventDate "2000.10.28"]
[EventType "team-swiss"]
[EventRounds "14"]
[EventCountry "TUR"]
[SourceTitle "EXT 2001"]
[Source "ChessBase"]
[SourceDate "2000.11.22"]
[SourceVersion "1"]
[SourceVersionDate "2000.11.22"]
[SourceQuality "1"]
[WhiteTeam "Danmark"]
[BlackTeam "Venezuela"]
[WhiteTeamCountry "DEN"]
[BlackTeamCountry "VEN"]

1. c4 e5 2. Nc3 Nf6 3. g3 d5 4. cxd5 Nxd5 5. Bg2 Nb6 6. Nf3 Nc6 7. O-O Be7 8.
d3 O-O 9. b3 f5 10. Bb2 Bf6 11. Nd2 Be6 12. Nc4 Qd7 13. a4 Rad8 14. Qb1 Nd5 15.
Rd1 Nd4 16. Nxd5 Bxd5 17. e4 Be6 18. Bxd4 Qxd4 19. Qc2 f4 20. Qe2 Be7 21. Bf3
Bh3 22. Ra2 Bb4 23. Bg4 Bxg4 24. Qxg4 Rf6 25. Qe2 Bc5 26. Qb2 fxg3 27. hxg3 Qd7
28. Qxe5 Qh3 29. Qxc5 Rh6 30. f3 Qh1+ 31. Kf2 Qxd1 32. Qxc7 Rh2+ 33. Ke3 Qxd3+
34. Kf4 Rf8+ 35. Ke5 Rh5+ 36. Ke6 Re8+ 0-1

[Event "Istanbul ol (Women)"]
[Site "Istanbul"]
[Date "2000.11.09"]
[Round "12.2"]
[White "Blanco Acevedo, Maria Carolina"]
[Black "Hansen, Evgenia Peicheva"]
[Result "0-1"]
[WhiteElo "2030"]
[BlackElo "2162"]
[PlyCount "66"]
[EventDate "2000.10.28"]
[EventType "team-swiss"]
[EventRounds "14"]
[EventCountry "TUR"]
[SourceTitle "EXT 2001"]
[Source "ChessBase"]
[SourceDate "2000.11.22"]
[SourceVersion "1"]
[SourceVersionDate "2000.11.22"]
[SourceQuality "1"]
[WhiteTeam "Venezuela"]
[BlackTeam "Danmark"]
[WhiteTeamCountry "VEN"]
[BlackTeamCountry "DEN"]

1. d4 Nf6 2. e3 c5 3. c3 b6 4. Nf3 Bb7 5. Bd3 g6 6. O-O Bg7 7. Re1 e6 8. e4
cxd4 9. e5 Nd5 10. Nxd4 a6 11. Qg4 Qc7 12. Qg3 Nc6 13. Nxc6 dxc6 14. h4 c5 15.
h5 O-O-O 16. h6 Bf8 17. a4 Be7 18. Na3 g5 19. Be4 f5 20. exf6 Bxf6 21. Qg4 Kb8
22. c4 Nb4 23. Nc2 Nd3 24. Bxd3 Rxd3 25. Qxe6 Rf8 26. Qe2 Rd6 27. Ra3 Bd8 28.
Rh3 Qc6 29. f3 Rxh6 30. Rxh6 Qxh6 31. Qe5+ Bc7 32. Qxg5 Qh2+ 33. Kf1 Bg3 0-1

[Event "Istanbul ol (Women)"]
[Site "Istanbul"]
[Date "2000.11.09"]
[Round "12.3"]
[White "Jensen, Christine"]
[Black "Martinez, Aleidi Josefina"]
[Result "1-0"]
[WhiteElo "2030"]
[BlackElo "2181"]
[PlyCount "89"]
[EventDate "2000.10.28"]
[EventType "team-swiss"]
[EventRounds "14"]
[EventCountry "TUR"]
[SourceTitle "EXT 2001"]
[Source "ChessBase"]
[SourceDate "2000.11.22"]
[SourceVersion "1"]
[SourceVersionDate "2000.11.22"]
[SourceQuality "1"]
[WhiteTeam "Danmark"]
[BlackTeam "Venezuela"]
[WhiteTeamCountry "DEN"]
[BlackTeamCountry "VEN"]

1. d4 e6 2. c4 c5 3. d5 d6 4. Nc3 Nf6 5. e4 e5 6. Bd3 Be7 7. Nge2 Nbd7 8. O-O
O-O 9. g3 Nh5 10. f4 exf4 11. gxf4 Bf6 12. Ng3 Bd4+ 13. Kg2 Nxg3 14. hxg3 g6
15. Nb5 Qf6 16. Bc2 Nb6 17. Nxd4 cxd4 18. Qd3 Bg4 19. b3 Be2 20. Qxe2 d3 21.
Bxd3 Qxa1 22. Ba3 Qd4 23. Bxd6 Rfe8 24. Ba3 Rad8 25. Bb2 Qc5 26. f5 Nd7 27.
fxg6 fxg6 28. e5 Nb6 29. e6 Nxd5 30. cxd5 Qxd5+ 31. Qf3 Qxf3+ 32. Rxf3 Rxe6 33.
Bc4 Rd2+ 34. Kh3 Rxb2 35. Bxe6+ Kg7 36. a4 Re2 37. Rf7+ Kh6 38. Bc4 Rd2 39.
Rxb7 a5 40. Bg8 g5 41. Rxh7+ Kg6 42. Ra7 Kh5 43. Bf7+ Kh6 44. Rxa5 Rf2 45. Bc4
1-0

[Event "Istanbul ol (Women)"]
[Site "Istanbul"]
[Date "2000.11.10"]
[Round "13.1"]
[White "Khegai, Angela"]
[Black "Hansen, Evgenia Peicheva"]
[Result "1-0"]
[WhiteElo "2234"]
[BlackElo "2162"]
[PlyCount "73"]
[EventDate "2000.10.28"]
[EventType "team-swiss"]
[EventRounds "14"]
[EventCountry "TUR"]
[SourceTitle "EXT 2001"]
[Source "ChessBase"]
[SourceDate "2000.11.22"]
[SourceVersion "1"]
[SourceVersionDate "2000.11.22"]
[SourceQuality "1"]
[WhiteTeam "Uzbekistan"]
[BlackTeam "Danmark"]
[WhiteTeamCountry "UZB"]
[BlackTeamCountry "DEN"]

1. d4 Nf6 2. c4 c5 3. d5 e6 4. Nc3 exd5 5. cxd5 d6 6. e4 g6 7. h3 Bg7 8. Nf3 a6
9. a4 O-O 10. Bd3 Nbd7 11. Bf4 Qe7 12. O-O Ne8 13. Re1 Ne5 14. Nxe5 Bxe5 15.
Qd2 Bd7 16. Bc4 Rc8 17. b3 b5 18. axb5 axb5 19. Bxe5 bxc4 20. Bf4 cxb3 21. e5
dxe5 22. Rxe5 Qd8 23. d6 Be6 24. Ne4 Ng7 25. Qc3 c4 26. Bh6 f6 27. Bxg7 fxe5
28. Bxf8 Kxf8 29. Qxe5 Qd7 30. Nc5 Rxc5 31. Qxc5 c3 32. Ra8+ Kf7 33. Qxc3 Bd5
34. Ra6 Ke6 35. Qe3+ Kf6 36. Qd4+ Ke6 37. Qg4+ 1-0

[Event "Istanbul ol (Women)"]
[Site "Istanbul"]
[Date "2000.11.10"]
[Round "13.2"]
[White "Steffensen, Elena"]
[Black "Khamrakulova, Iroda"]
[Result "1/2-1/2"]
[WhiteElo "2068"]
[BlackElo "2177"]
[PlyCount "59"]
[EventDate "2000.10.28"]
[EventType "team-swiss"]
[EventRounds "14"]
[EventCountry "TUR"]
[SourceTitle "EXT 2001"]
[Source "ChessBase"]
[SourceDate "2000.11.22"]
[SourceVersion "1"]
[SourceVersionDate "2000.11.22"]
[SourceQuality "1"]
[WhiteTeam "Danmark"]
[BlackTeam "Uzbekistan"]
[WhiteTeamCountry "DEN"]
[BlackTeamCountry "UZB"]

1. e4 c5 2. Nc3 Nc6 3. f4 g6 4. Nf3 Bg7 5. Bc4 e6 6. e5 d5 7. Bb5 Bd7 8. Bxc6
Bxc6 9. d3 Ne7 10. O-O O-O 11. Qe1 b5 12. Ne2 Rc8 13. Ng3 Qd7 14. Be3 Bb7 15.
Qf2 Qc6 16. c3 a5 17. Rac1 c4 18. d4 Qd7 19. Qd2 Bc6 20. Rce1 Rb8 21. Re2 Rb7
22. Rfe1 b4 23. f5 Nxf5 24. Nxf5 exf5 25. Bh6 bxc3 26. bxc3 Qe7 27. Bg5 Qe6 28.
Bh6 Qe7 29. Bg5 Qe6 30. Bh6 1/2-1/2